Biblioteka Instytutu Północnego w Olsztynie

Widok standardowy Widok MARC

Pozycja Personal Name

Liczba rekordów, w których użyto hasła: 1

001 - Numer kontrolny

  • control field: 40978

003 - Identyfikator numeru kontrolnego

  • control field: NUKAT

005 - Data i czas ostatniej modyfikacji

  • control field: 20260430105117.0

008 - Dane kontrolne kodowane (40 znaków)

  • fixed length control field: 070528n||a|znnaabn |a aaa |c

010 ## - Numer kontrolny Biblioteki Kongresu

  • numer kontrolny LC: n 2007147370

024 7# - OTHER STANDARD IDENTIFIER

  • Standard number or code: 306266319
  • Source of number or code: viaf

024 7# - OTHER STANDARD IDENTIFIER

  • Standard number or code: 0000000468635205
  • Source of number or code: isni

040 ## - Instytucja sporządzająca rekord

  • inst. przygot. dane do rek. khw: WA U/mg
  • język haseł przedmiotowych/tezaurus: kaba
  • inst. wprow. rek. khw: WA U/mg
  • inst. modyf. rek. khw: WA U/mg
  • inst. modyf. rek. khw: WR O/JG
  • inst. modyf. rek. khw: WA U/PC
  • inst. modyf. rek. khw: WA U/MM
  • inst. modyf. rek. khw: KAT U/DL

043 ## - Kod obszaru geograficznego

  • ISO code: UA

046 ## - Special dates

  • Birth date: 1973

100 1# - Hasło - nazwa osobowa

  • nazwa osobowa w formie ujednoliconej: Rukkas, Andrìj Olegovič
  • daty biograficzne: (1973- ).

370 ## - Associated place

  • Country: Ukraina.
  • Auth control #: http://nukat.edu.pl/aut/s 94114937
  • Source of term: kaba

372 ## - Field of activity

  • Field: Historia.
  • Auth control #: http://nukat.edu.pl/aut/s 94205867
  • Source of term: kaba

374 ## - Occupation

  • Occupation: Historycy.
  • Auth control #: http://nukat.edu.pl/aut/s 94205772
  • Source of term: kaba

375 ## - Gender

  • Gender: 1
  • Source of term: iso5218

377 ## - Assoc lang

  • Lang code: ukr

400 1# - Trop zob. - nazwa osobowa

  • nazwa osobowa (nazwisko, imiona): Rukkas, A. O.

400 1# - Trop zob. - nazwa osobowa

  • nazwa osobowa (nazwisko, imiona): Rukkas, A.

400 1# - Trop zob. - nazwa osobowa

  • nazwa osobowa (nazwisko, imiona): Rukkas, Andrij.

670 ## - Źródło informacji

  • źródło informacji: Kp. Ârovij Valerìj Ìvanovič : (do 60-rìččâ vìd naroždenennâ) : bìblìografìčnij pokažčik. - Kiïv, 2006.
  • gdzie znaleziono informację: Oprac.

670 ## - Źródło informacji

  • źródło informacji: Ìstorìâ ukraïnsʹkogo vìjsʹka / [avt. koll. M. Vìdejko et al.]. - Harkìv, 2016.
  • gdzie znaleziono informację: Współaut.

670 ## - Źródło informacji

  • źródło informacji: NBUV online

670 ## - Źródło informacji

  • źródło informacji: Polska - Ukraina 1920 / Janusz Odziemkowski, Andrij Rukkas. - Warszawa, cop. 2017.
Biblioteka Instytutu Północnego, ul. Partyzantów 87, 10-402 Olsztyn, email: biblioteka(at)ip.olsztyn.pl